000 00591nam a2200205 a 4500
005 20240806063818.0
008 081110s2007 mx r 000 0 spa d
020 _a9707807261 (10 dígitos)
020 _a9789707807266 (13 dígitos)
035 _aUPN01000167796
049 _aCG
050 4 _aPZ8.1
_bS8.3
100 1 _aStuart, Forbes
245 1 0 _aDiez cuentos africanos /
_cForbes Stuart ; il. de Julián Cicero.
260 _aMéxico :
_bMontena,
_cc2007.
300 _a89 p. :
_bil.
650 4 _aCUENTOS AFRICANOS
_912227
650 4 _aLiteratura juvenil
_95153
905 _aLibro
999 _c139907
_d139907